000 01032cam a2200205 4500
001 WB@3612-852
008 040818n2004 000 0 eng u
035 _a(Sirsi) u127091
245 _aCongestion charge hits retailers
260 _c2004
490 _aRICS Press Release
_v12 August 2004 (1)
520 _aWith the threat of the London congestion charge extending west of the city to Kensington and Chelsea, more research must be done into the effect and impact on shops and businesses. Research published earlier this year by RICS showed that 90% of retailers view the charge negatively. Kensington and Chelsea contain large numbers of small specialist retailers who could be particularly vulnerable to even a small reduction in business. http://www.rics.org/ricscms/bin/show?class=PressRe lease&template=/includes/showpr.html&id=1221
590 _aWB
590 _aWB
650 _aCONGESTION CHARGING
650 _aTRANSPORT POLICIES
650 _aLONDON
690 _aTRANSPORT AND COMMUNICATIONS
942 _n0
999 _c117855
_d117855